Every Song from Hamilton - Statistics

General Stats
  • This quiz has been taken 15 times
  • The average score is 25 of 46
Answer Stats
Act I % Correct
Alexander Hamilton
100%
My Shot
100%
Helpless
88%
Aaron Burr, Sir
75%
Non-Stop
75%
Satisfied
75%
The Schuyler Sisters
75%
The Story of Tonight
75%
The Story of Tonight (Reprise)
75%
You'll Be Back
75%
A Winter's Ball
63%
Meet Me Inside
63%
Right Hand Man
63%
Stay Alive
63%
That Would Be Enough
63%
Cabinet Battle #1
50%
Cabinet Battle #2
50%
Dear Theodosia
50%
Guns and Ships
50%
History Has Its Eyes On You
50%
Hurricane
50%
I Know Him
50%
It's Quiet Uptown
50%
Say No to This
50%
Ten Duel Commandments
50%
The Reynolds Pamphlet
50%
Wait for It
50%
Washington on Your Side
50%
We Know
50%
What Comes Next?
50%
What'd I Miss
50%
Who Lives, Who Dies, Who Tells Your Story
50%
Yorktown (The World Turned Upside Down)
50%
Blow Us All Away
38%
Burn
38%
One Last Time
38%
Schuyler Defeated
38%
Stay Alive (Reprise)
38%
Take a Break
38%
The Adams Administration
38%
The Election of 1800
38%
Best of Wives and Best of Women
25%
Farmers Refuted
25%
The Room Where It Happened
25%
The World Was Wide Enough
25%
Your Obedient Servant
25%
No matching quizzes found
Score Distribution
Percent of People with Each Score
Percentile by Number Answered
Your Score History
You have not taken this quiz